Cool it : the skeptical environmnetalist's guide to global warming

Αποθηκεύτηκε σε:
Λεπτομέρειες βιβλιογραφικής εγγραφής
Κύριος συγγραφέας: Lomborg, Bjorn 1965-
Μορφή: Βιβλίο
Γλώσσα:English
Δημοσίευση: London : Marshall Gavendish, c2010
Θέματα:
Ετικέτες: Προσθήκη ετικέτας
Δεν υπάρχουν, Καταχωρήστε ετικέτα πρώτοι!

MARC

LEADER 00000nam a2200000 i 4500
001 1/24921
008 130124s2010 eng d
020 |a 978-0462-09926-2 (pbk.) 
035 |l 10113550 
040 |a GR-MY-UA  |b gre  |e aacr 
041 0 |a eng 
082 0 |a 363.73874  |2 (22) 
100 1 |a Lomborg, Bjorn  |d 1965- 
245 1 0 |a Cool it :  |b the skeptical environmnetalist's guide to global warming /  |c Bjorn Lomborg 
260 |a London :   |b Marshall Gavendish,   |c c2010 
300 |a xxvi, 353 σ.;  |b διαγρ.;  |c 24 εκ. 
504 |a Βιβλιογραφία: σ.281-344 
504 |a Ευρετήριο: σ.345-353 
650 0 0 |a Global warming  |x Government policy. 
650 0 0 |a Climatic changes. 
650 0 0 |a Environmental responsibility. 
650 0 0 |a Economic development  |x Environmental aspects. 
650 0 0 |a Pollution  |x Economic aspects. 
650 0 0 |a Globalization. 
852 |a INST  |b CHIOS  |e 20130124  |h 363.73874 LOM  |p 005200035546  |q 005200035546  |t BK  |y 0 
901 |a BIBL2-2013-1 
909 |a Χ  |b 177874 
922 |a 2ΕΛΗ  |b 201211  |c TAK/TNEY  |d ΙΩΑΝΝΙΔΟΥ 
970 |a ΣΠΕΝΤΖΑ  |b ΕΛΕΝΗ  |z 2013/01/24